| 000 | 00689cam a2200241 4500500 | ||
|---|---|---|---|
| 005 | 20260405003505.0 | ||
| 041 | _afre | ||
| 042 | _adc | ||
| 100 | 1 | 0 |
_aEnjalbert, Cédric _eauthor |
| 245 | 0 | 0 | _a“Tartuffe”. Serment d’hypocrite |
| 260 | _c2022. | ||
| 500 | _a77 | ||
| 690 | _aComédie-Française | ||
| 690 | _aHypocrisie | ||
| 690 | _aIvo van Hove | ||
| 690 | _aManipulation | ||
| 690 | _aMasque | ||
| 690 | _aMolière | ||
| 690 | _aTartuffe | ||
| 690 | _aThéâtre | ||
| 786 | 0 | _nPhilosophie magazine | 158 | 4 | 2022-04-01 | p. 76-77 | 1951-1787 | |
| 856 | 4 | 1 | _uhttps://shs.cairn.info/magazine-philosophie-magazine-2022-4-page-76?lang=fr&redirect-ssocas=7080 |
| 999 |
_c2068061 _d2068061 |
||